Písmo sväté : Nová zmluva a Žalmy

Uložené v:
Podrobná bibliografia
Médium: Kniha
Jazyk:Slovak
Vydané: Banská Bystrica : Slovenská biblická spoločnosť, 2003
Vydanie:3. vyd.
Témy:
ISBN: 8085486385 (viaz.)
Fyzický popis: 670 s. : mp. ; 20 cm
Tagy: Pridať tag
Žiadne tagy, Buďte prvý kto otaguje tento záznam!

MARC

LEADER 00000nam a2200000 a 4500
001 000000603
005 20050525114011.0
008 040317s2003 xo b e 000 0 sloo
020 |a 8085486385 (viaz.) 
040 |a SVKKK  |b slo  |c SVKKK  |e AACR2 
041 0 |a slo 
044 |a xo  |c SK 
072 7 |a 2-23/-27  |x Biblia. Biblistika  |2 konspekt 
080 |a 27-23  |2 1997 
080 |a 27-242  |2 1997 
080 |a 27-246  |2 1997 
080 |a 27-243.63  |2 1997 
080 |a (0:82-9)  |2 1997 
245 0 0 |a Písmo sväté :  |b Nová zmluva a Žalmy 
250 |a 3. vyd. 
260 |a Banská Bystrica :  |b Slovenská biblická spoločnosť,  |c 2003 
300 |a 670 s. :  |b mp. ;  |c 20 cm 
630 0 7 |a Biblia.  |p S. Z.  |p N. Z.  |p Žalmy  |2 SVKKKPH 
655 7 |a texty  |2 SVKKKPH 
655 7 |a príručky  |2 SVKKKPH 
919 |a 80-85486-38-5 
998 |a BK 
090 |g SCKHL  |k Sklad Hlavná 10 prízemie  |a I.72779  |j 960035  |i 2720021079  |s Absenčne